TXT Songs Quiz - Statistics

General Stats
  • This quiz has been taken 9,175 times
    6,799 since last reset
  • The average score is 28 of 44
Answer Stats
Album Year Song % Correct
The Name Chapter: Temptation 2023 Sugar Rush Ride
92%
Minisode1: Blue Hour 2020 Blue Hour
91%
Minisode 2: Thursday's Child 2022 Good Boy Gone Bad
84%
The Dream Chapter: Star 2019 Crown
83%
The Name Chapter: Temptation 2023 Tinnitus (Wanna Be a Rock)
81%
The Chaos Chapter: Fight or Escape 2021 Loser=Lover
80%
The Dream Chapter: Star 2019 Cat & Dog
79%
The Name Chapter: Temptation 2023 Devil by the Window
77%
The Chaos Chapter: Freeze 2021 Magic
77%
The Chaos Chapter: Freeze 2021 0X1=Lovesong (I Know I Love You)
75%
The Dream Chapter: Magic 2019 9 and Three Quarters (Run Away)
74%
Minisode 2: Thursday's Child 2022 Thursday's ChildHas Far to Go
71%
The Name Chapter: Temptation 2023 Farewell, Neverland
69%
The Dream Chapter: Eternity 2020 Puma
69%
The Dream Chapter: Eternity 2020 Can't You See Me?
68%
The Name Chapter: Temptation 2023 Happy Fools
68%
Minisode 2: Thursday's Child 2022 Lonely Boy
65%
Minisode 2: Thursday's Child 2022 Opening Sequence
64%
The Chaos Chapter: Freeze 2021 Frost
63%
The Chaos Chapter: Freeze 2021 Ice Cream
61%
The Chaos Chapter: Freeze 2021 No Rules
61%
The Chaos Chapter: Freeze 2021 Anti-Romantic
60%
Minisode1: Blue Hour 2020 Ghosting
60%
The Dream Chapter: Magic 2019 New Rules
59%
Minisode1: Blue Hour 2020 We Lost the Summer
59%
The Dream Chapter: Star 2019 Blue Orangeade
58%
The Dream Chapter: Eternity 2020 Fairy of Shampoo
58%
The Dream Chapter: Star 2019 Our Summer
57%
The Dream Chapter: Eternity 2020 Eternally
56%
The Chaos Chapter: Fight or Escape 2021 MOA Diary (Dubaddu Wari Wari)
56%
Minisode 2: Thursday's Child 2022 Trust Fund Baby
55%
Minisode1: Blue Hour 2020 Wishlist
55%
The Dream Chapter: Magic 2019 20cm
53%
The Chaos Chapter: Freeze 2021 Dear Sputnik
51%
The Dream Chapter: Star 2019 Nap of a Star
51%
The Dream Chapter: Eternity 2020 Drama
50%
The Dream Chapter: Magic 2019 Angel or Devil
49%
The Dream Chapter: Magic 2019 Roller Coaster
49%
The Dream Chapter: Eternity 2020 Maze in the Mirror
46%
The Dream Chapter: Magic 2019 Poppin' Star
46%
Minisode1: Blue Hour 2020 Way Home
46%
The Dream Chapter: Magic 2019 Can't We Just Leave the Monster Alive?
43%
The Dream Chapter: Magic 2019 Magic Island
43%
The Chaos Chapter: Freeze 2021 What If I Had Been That Puma
43%
No matching quizzes found
Score Distribution
Percent of People with Each Score
Percentile by Number Answered
Your Score History
You have not taken this quiz since the last reset